000 00675nam a2200241Ia 4500
003 OSt
005 20220928111312.0
006 a|||||r|||| 00| 0
007 ta
008 220927b |||||||| |||| 00| 0 eng d
024 _a73863
037 _cTextual
040 _aSDCL
_cSDCL
_beng
041 _2eng
_aeng
082 _aX72:(Z2), P5
100 _aAhuja Girish
_9374996
245 0 _aProfessional approach to direct taxes
_b Law and practice
260 _aNew Delhi
_bBharat Law House
_c2005
300 _a71p+1496p
_ccm.
700 _a Gupta Ravi
_9374997
942 _hX72:(Z2), P5
_cTEXL
_2CC
999 _c739572
_d739572